000
00203 a2200097 4500
020
_a
35200004
041
_a
spa
100
_a
Alice y Martin Provensen
245
_a
El Libro de las Estaciones
942
_c
BK
999
_c
14984
_d
14984